Optimizing the automatic prediction of conversion to mild cognitive impairment using machine learning algorithms.

Gespeichert in:
Bibliographische Detailangaben
1. Verfasser: Račák, Samuel (Verfasst von)
Weitere Verfasser: Billichová, Martina (Betreuung Doktorarbeit)
Format: Manuskript Buch
Sprache:Slowakisch
Englisch
Veröffentlicht: 2025
Schlagworte:
Online-Zugang:http://is.stuba.sk/zp/portal_zp.pl?podrobnosti=179528
Tags: Tag hinzufügen
Keine Tags, Fügen Sie das erste Tag hinzu!

MARC

LEADER 00000ntm a22000003a 4500
001 stuzp102827
003 SK-STU
005 20250614211512.9
007 ta
008 150427s2015----xo-----f-mn---000-0-slo-d
040 |a STU  |b slo 
041 0 |a eng 
100 1 |a Račák, Samuel  |u 070200  |4 aut  |U FIIT Fakulta informatiky a informačných technológií  |T FIIT Ústav informatiky, informačných systémov a softvérového inžinierstva  |X 123105  |U I200  |Y 179  |7 123105 
242 0 1 |a Optimalizácia automatickej predikcie prechodu do miernej kog- nitívnej poruchy pomocou strojového učenia  |y slo 
245 1 0 |a Optimizing the automatic prediction of conversion to mild cognitive impairment using machine learning algorithms. 
260 |c 2025 
650 4 |a MCI  |2 eng 
650 4 |a Feature selection  |2 eng 
650 4 |a Cox PH  |2 eng 
650 4 |a MCI  |2 slo 
650 4 |a Vyber premmennych  |2 slo 
650 4 |a Cox PH  |2 slo 
700 1 |a Billichová, Martina  |u 070200  |k Z3  |4 ths  |U FIIT Fakulta informatiky a informačných technológií  |T FIIT Ústav informatiky, informačných systémov a softvérového inžinierstva  |X 99019  |U I200  |Y 179  |7 99019 
856 4 |u http://is.stuba.sk/zp/portal_zp.pl?podrobnosti=179528